| 000 | 00948nam a22002657a 4500 | ||
|---|---|---|---|
| 001 | 8813 | ||
| 003 | FISKH | ||
| 005 | 20251021161039.0 | ||
| 008 | 251021b cb ||||| |||| 00| 0 eng d | ||
| 020 | _a9788131906880 | ||
| 040 |
_aFISKH _beng _cFISKH _dFISKH |
||
| 082 | _a423.1 | ||
| 100 | _aNath, Gita | ||
| 245 | _aFyodor and the Dinosaur / | ||
| 260 |
_aNew Delhi : _bB. Jain, _c2021. |
||
| 300 |
_a24 pages : _bcolor illustrations ; _c24 cm |
||
| 490 | _aPhonics fun level 3b | ||
| 505 | _aE | ||
| 520 | _aAges 5 to 6 years. This series offers well-written rhyming and interesting stories to help the child to get a better understanding of the link between letters and the sounds they represent. The books are developed for different levels keeping the child's mental level in consideration. | ||
| 521 | 8 |
_a200
_bLexile estimate |
|
| 521 | 8 |
_aE
_bRaz-Plus |
|
| 650 | _aPhonics | ||
| 942 |
_2ddc _cBK _n0 |
||
| 999 |
_c8813 _d8813 |
||